000 00364cam a2200169ua 4500
001 2578
008 140521n ii |||gr||||Z||||||eng
040 _aMAIN
041 _aEnglish
082 _bCho
100 _aChopra P,N.
245 _aBusiness Economics
250 _a4thEdition.
260 _aLudhiana:
_bKalyani Publishers.
300 _a360.
942 _cBK
999 _c2574
_d2574